00822 a2200181 4500003000400000005001700004008004100021020001800062028004100080082001700121100001800138245005800156250001200214260005600226300001500282500031400297651002900611OSt20260220120416.0251003b |||||||| |||| 00| 0 eng d a9789356969360 aJaypee Brothers Medical Publishers 223a610.7367 aSethi, Deepak aEssentials of Adult Medical Surgical Nursing Volume-I a1st Ed. bJaypee Brothers Medical PublishersaNew Delhic2025 aXVII;421P. aIntraoperative care, Nursing management of patient with common signs and symptoms, Respiratory disorders, Gastrointestinal system, cardiovascular problems, cardiovascular emergencies, vascular diseases, blood disorder,endocrine system, integumentary disorders, musculoskeletal disorders, communicable disease  aMedical Surgical Nursing